000 00278nam a2200097Ia 4500
008 240331s9999 xx 000 0 und d
082 _bDIS
100 _aDissanayaka, T.D.S.A.
245 0 _aWar or peace in Sri Lanka :
_ban in-depth account of the current quest for peace
942 _cL
999 _c1394
_d1394